Crop Water Simulation Models in Practice (Record no. 1540)

MARC details
000 -LEADER
fixed length control field 00345nam a22001457a 4500
020 ## - INTERNATIONAL STANDARD BOOK NUMBER
International Standard Book Number 90-74134-26-2
041 ## - LANGUAGE CODE
Language code of text/sound track or separate title ENG
100 ## - MAIN ENTRY--PERSONAL NAME
Personal name Pereira.L.S
245 ## - TITLE STATEMENT
Title Crop Water Simulation Models in Practice
260 ## - PUBLICATION, DISTRIBUTION, ETC. (IMPRINT)
Place of publication, distribution, etc New Delhi
Name of publisher, distributor, etc Wageningen Pers
Date of publication, distribution, etc 1995
300 ## - PHYSICAL DESCRIPTION
Extent 339
650 ## - SUBJECT ADDED ENTRY--TOPICAL TERM
Topical term or geographic name as entry element IDE
700 ## - ADDED ENTRY--PERSONAL NAME
Personal name Broek,Kabat.P,Allen.R.C
856 ## - ELECTRONIC LOCATION AND ACCESS
Uniform Resource Identifier IDE ( 05 )
Holdings
Withdrawn status Lost status Source of classification or shelving scheme Damaged status Not for loan Home library Current library Shelving location Date acquired Cost, normal purchase price Total Checkouts Barcode Date last seen Price effective from Koha item type
    Dewey Decimal Classification     College of Agricultural Engineering and Technology, Dapoli , Library College of Agricultural Engineering and Technology, Dapoli , Library Book Cart 24/09/2021 8527.00   005005 24/09/2021 24/09/2021 Books

Contact Us: College of Agricultural Engineering and Technology, Dapoli, Dist.- Ratnagiri
Website: https://dbskkv.org Email: caetlibrary2015@gmail.com